Political linkages and rural development: A comparative study of the political processes and interactions between different processes and interaction between different levels of government in two Indian states (Record no. 166316)

MARC details
000 -LEADER
fixed length control field 00550nam a2200145Ia 4500
008 - FIXED-LENGTH DATA ELEMENTS--GENERAL INFORMATION
fixed length control field 230917s9999||||xx |||||||||||||| ||und||
040 ## - CATALOGING SOURCE
-- 37027
Original cataloging agency VIVEKANANDA LIBRARY
041 ## - Language
-- English
082 ## - DDC NUMBER
Classification number 352.054 S71P
100 ## - MAIN ENTRY--PERSONAL NAME
Personal name Seshadri, K
245 #0 - TITLE STATEMENT
Title Political linkages and rural development: A comparative study of the political processes and interactions between different processes and interaction between different levels of government in two Indian states
260 ## - PUBLICATION, DISTRIBUTION, ETC. (IMPRINT)
Place of publication, distribution, etc New Delhi
Name of publisher, distributor, etc National Publishing House
Date of publication, distribution, etc 1976
300 ## - PHYSICAL DESCRIPTION
Pages vi, 233 p.
942 ## - ADDED ENTRY ELEMENTS (KOHA)
Koha item type Books
Holdings
Withdrawn status Lost status Damaged status Not for loan Location (home branch) Sublocation or collection (holding branch) Date acquired Koha issues (times borrowed) Koha full call number Accession No. Koha date last seen Koha item type
        VIVEKANANDA LIBRARY VIVEKANANDA LIBRARY 29/08/2002   352.054 S71P 30934 17/09/2023 Books
© Designed and Maintained by Vivekananda Library, MDU Rohtak